01109 2200385 4500001002100000005001500021035002000036007000300056008004100059020002200100040002200122082001400144084001600158090001900174100003100193245009400224250002600318300002900344650001800373700002600391700002800417850001200445041000800457504002900465264003500494336002100529337003000550338002300580990002000603990002000623990002000643990002000663990002000683990002000703INLIS00000000085047220191219095138 a0010-0819000374ta190819s2018 yoi g | j ind  a978-602-5479-93-9 aYOPDYOGbinderda04223a808.3 a808.3 RIR c aPK 808.3 RIR c0 aRirin Astuningrumepenulis10aCerita berjuta rasa /cpenulis, Ririn Astuningrum, Arinda Shafa; penyunting, Zhivana A.U. aCetakan pertama, 2018 avi, 202 halaman ;c21 cm 4aCerita pendek0 aArinda Shafaepenulis aZhivana A.Uepenyunting aYOPDYOG0 aind aBibliografi: halaman 20034aYogyakarta :bChecklist,c2018 2rdacontentateks 2rdamediaatanpa perantara 2rdacarrieravolume a38675-PD/B.2019 a38676-PD/B.2019 a38675-PD/B.2019 a38676-PD/B.2019 a38676-PD/B.2019 a38675-PD/B.2019